| 000 | 01083cam a2200301 i 4500 | ||
|---|---|---|---|
| 999 |
_c128918 _d128918 |
||
| 001 | 4598197 | ||
| 003 | ARRUPE | ||
| 005 | 20190206113552.0 | ||
| 008 | 761026s1977 iluaf b 001 0 eng | ||
| 010 | _a 76022962 | ||
| 020 |
_a0226384837. _a0226384845 |
||
| 040 |
_aDLC _cDLC _dDLC |
||
| 043 | _af-ke--- | ||
| 050 | 0 | 0 |
_aGN772.4.A53 _bI82 |
| 082 | 0 | 0 | _a967.6/2 |
| 100 | 1 |
_aIsaac, Glynn Llywelyn, _d1937-1985. _944438 |
|
| 245 | 1 | 0 |
_aOlorgesailie : _barcheological studies of a Middle Pleistocene lake basin in Kenya / _cGlynn Ll. Isaac, assisted by Barbara Isaac. |
| 260 |
_aChicago : _bUniversity of Chicago Press, _c1977. |
||
| 300 |
_axvi, 272 p., [20] leaves of plates : _bill. ; _c24 cm. |
||
| 440 | 0 |
_aPrehistoric archeology and ecology _944439 |
|
| 500 | _aIncludes index. | ||
| 504 | _aBibliography: p. 251-263. | ||
| 650 | 0 |
_aAcheulian culture _zKenya. _944440 |
|
| 651 | 0 |
_aOlorgesailie Site (Kenya) _944441 |
|
| 651 | 0 |
_aKenya _xAntiquities. _944442 |
|
| 700 | 1 |
_aIsaac, Barbara, _ejoint author. _944443 |
|
| 906 |
_a7 _bcbc _corignew _d1 _eocip _f19 _gy-gencatlg |
||
| 942 |
_2lcc _cMONOGRAPH |
||